The Passport Quiz Stats

Quiz Updated Nov 26, 2013

Challenge
Share
Tweet
Score 0/16 Timer 05:00
1 Play Today
Passport Country % Correct
Germany
83.5%
Israel
83.4%
United Kingdom
83.3%
United States of America
82.2%
Switzerland
80.2%
Australia
78.5%
China
78.5%
Russia
74.6%
Passport Country % Correct
South Korea
71.8%
Japan
71.4%
Saudi Arabia
70.6%
Mexico
54.8%
India
53.3%
Brazil
32.9%
Luxembourg
11.3%
Kenya
8.5%

You're not logged in!

Compare scores with friends on all Sporcle quizzes.
Sign Up with Email
OR
Log In

You Might Also Like...

Show Comments

Extras

Top Quizzes Today


Score Distribution

Your Account Isn't Verified!

In order to create a playlist on Sporcle, you need to verify the email address you used during registration. Go to your Sporcle Settings to finish the process.